Forfeiture for non-payment of rent: equivolcal writs and waiver. (Record no. 60434)

MARC details
000 -LEADER
fixed length control field 00919cam a2200205 4500
001 - CONTROL NUMBER
control field ABS60787
008 - FIXED-LENGTH DATA ELEMENTS--GENERAL INFORMATION
fixed length control field 000000n1999 000 0 eng u
035 ## - SYSTEM CONTROL NUMBER
System control number (Sirsi) u101282
100 ## - MAIN ENTRY--PERSONAL NAME
Personal name Pawlowski, M.
245 ## - TITLE STATEMENT
Title Forfeiture for non-payment of rent: equivolcal writs and waiver.
260 ## - PUBLICATION, DISTRIBUTION, ETC.
Date of publication, distribution, etc. 1999
490 ## - SERIES STATEMENT
Series statement Rent Review & Lease Renewal
Volume/sequential designation (2) June 1999, 87-93(7)
520 ## - SUMMARY, ETC.
Summary, etc. Discusses the extent to which a landlord will waive a right of forfeiture for non-payment of rent by demanding subsequent instalments of rent falling due after the breach. Also looks at the question of whether a writ or summons claiming possession based on arrears of rent will be characterised as 'equivocal' if it claims later instalments of rent. (Taken from journal abstract).
650 ## - SUBJECT ADDED ENTRY--TOPICAL TERM
Topical term or geographic name entry element LEASES
650 ## - SUBJECT ADDED ENTRY--TOPICAL TERM
Topical term or geographic name entry element RENT
650 ## - SUBJECT ADDED ENTRY--TOPICAL TERM
Topical term or geographic name entry element POSSESSION
690 ## - LOCAL SUBJECT ADDED ENTRY--TOPICAL TERM (OCLC, RLIN)
Topical term or geographic name as entry element PROPERTY-LANDLORD AND TENANT
700 ## - ADDED ENTRY--PERSONAL NAME
Personal name Brown, J.
942 ## - ADDED ENTRY ELEMENTS (KOHA)
Suppress in OPAC 0
Holdings
Withdrawn status Lost status Source of classification or shelving scheme Damaged status Not for loan Home library Current library Shelving location Date acquired Total Checkouts Full call number Barcode Date last seen Copy number Price effective from Koha item type
    Dewey Decimal Classification     London London Journal article 03/11/1999   ABS60787 101282-1001 06/08/2019 1 06/08/2019 Journal article